000 00516nam a22001937a 4500
003 MPLRDC
005 20220104143257.0
008 210129b ||||| |||| 00| 0 eng d
020 _a957-621-232-4
082 _a508 TXWH v.52
100 _aJ.E. LOVELOCK
245 _a盖娅,大地之母
_c金恒镳译
250 _a一版一刷
260 _a
_b天下文化出版股份有限
_c1994
300 _b
490 _a天下文化. 社会人文. 52
650 _a社会科学丛书
942 _cBK
_o508 TXWH v.52
999 _c38333
_d38323